[Event "42nd Capablanca Memorial - Elite"]
[Site "L'Avana CUB"]
[Date "2007.05.19"]
[Round "2"]
[White "Miton, K."]
[Black "Gashimov, V."]
[Result "1/2-1/2"]
[WhiteElo "2653"]
[BlackElo "2644"]
[PlyCount "33"]
[EventDate "2007.05.18"]
[Source "www.chesslib.no"]
[SourceDate "2004.05.04"]

1. e4 e5 2. Nf3 Nf6 3. Nxe5 d6 4. Nf3 Nxe4 5. c4 Nc6 6. Nc3 Nxc3 7. dxc3 Bf5 8. Bd3 Qd7 9. O-O Be7 10. Bxf5 Qxf5 11. Qd5 Qxd5 12. cxd5 Ne5 13. Nxe5 dxe5 14. Re1 f6 15. Be3 O-O-O 16. c4 b6 17. Red1 1/2-1/2

[Event "Hilversum (m4)"]
[Site "?"]
[Date "1986.??.??"]
[Round "?"]
[White "Timman, J."]
[Black "Yusupov, A."]
[Result "1/2-1/2"]
[WhiteElo "2620"]
[BlackElo "2660"]
[PlyCount "77"]
[EventDate "1986.??.??"]
[Source "ChessBase"]
[SourceDate "1986.07.01"]

1. e4 e5 2. Nf3 Nf6 3. Nxe5 d6 4. Nf3 Nxe4 5. c4 Nc6 6. Nc3 Nxc3 7. dxc3 Be7 8. Bd3 Bg4 9. Be4 Qd7 10. Be3 Bf5 11. Bxf5 Qxf5 12. Qd5 Qxd5 13. cxd5 Ne5 14. Nxe5 dxe5 15. Ke2 Kd7 16. a4 a5 17. Kd3 f5 18. f3 h5 19. h3 h4 20. Rhe1 Bd6 21. Re2 Rae8 22. Bd2 Rhg8 23. Kc4 g5 24. Rf1 Rg6 25. b4 Ra8 26. Kb3 b6 27. bxa5 Rxa5 28. c4 Ra8 29. Bc3 Re8 30. Rfe1 g4 31. Bxe5 gxf3 32. gxf3 Rxe5 33. Rxe5 Bxe5 34. Rxe5 Rg3 35. Rxf5 Rxh3 36. a5 bxa5 37. c5 Rh1 38. Rf7+ Kd8 39. Rh7 1/2-1/2

[Event "Camp. azerbagiano 2009"]
[Site "Baku AZE"]
[Date "2009.01.18"]
[Round "6"]
[White "Mamedov, Nijat"]
[Black "Mirzoev, Azer"]
[Result "1-0"]
[WhiteElo "2607"]
[BlackElo "2564"]
[PlyCount "85"]
[EventDate "2009.01.13"]
[Source "www.chesslib.no"]
[SourceDate "2004.05.04"]

1. e4 e5 2. Nf3 Nf6 3. Nxe5 d6 4. Nf3 Nxe4 5. c4 Be7 6. Be2 O-O 7. O-O Nc6 8. d4 Ng5 9. Nc3 Bg4 10. Nxg5 Bxe2 11. Nxf7 Bxd1 12. Nxd8 Nxd4 13. Rxd1 Nc2 14. Ne6 Nxa1 15. Nd5 Rf7 16. Bg5 Bxg5 17. Nxg5 Rd7 18. Rxa1 c6 19. Nc3 d5 20. Rd1 d4 21. Nce4 b6 22. f3 c5 23. Nh3 a6 24. Nf4 Rb7 25. Kf2 h6 26. h4 Kh7 27. b3 Rf8 28. Nd5 Rd8 29. Ke2 Rbb8 30. Kd3 a5 31. a4 Kh8 32. h5 Re8 33. f4 Re6 34. f5 Re5 35. Rf1 Kh7 36. g4 Rb7 37. Nd6 Rb8 38. g5 hxg5 39. Nf7 Ree8 40. Nxg5+ Kh8 41. Ne6 Rb7 42. h6 gxh6 43. Nf6 1-0

[Event "Beer Sheva g/30'"]
[Site "Beer Sheva"]
[Date "2004.04.18"]
[Round "3"]
[White "Dvoirys, Semen I"]
[Black "Greenfeld, Alon"]
[Result "1-0"]
[WhiteElo "2612"]
[BlackElo "2551"]
[PlyCount "111"]
[EventDate "2004.04.18"]
[Source "ChessBase"]
[SourceDate "2004.07.27"]

1. e4 e5 2. Nf3 Nf6 3. Nxe5 d6 4. Nf3 Nxe4 5. c4 Be7 6. d4 d5 7. Nc3 Nxc3 8. bxc3 O-O 9. Be3 Nc6 10. Bd3 dxc4 11. Bxc4 Bf5 12. O-O Qd6 13. Nd2 Rad8 14. Re1 Qg6 15. Bf4 Bd6 16. Qf3 Qg4 17. Qxg4 Bxg4 18. Bg5 Rd7 19. Ne4 Bf5 20. Nxd6 cxd6 21. Bd5 h6 22. Bh4 Rc8 23. Re3 g5 24. Bg3 Ne7 25. Bb3 Ng6 26. Rae1 Rdc7 27. Bxd6 Rxc3 28. Rxc3 Rxc3 29. Re8+ Kg7 30. h3 Rc1+ 31. Kh2 Rc8 32. Re1 Rd8 33. Ba3 Nf4 34. Re7 Rd7 35. Re8 Nd5 36. Bf8+ Kg6 37. Re5 Nf4 38. g4 Bd3 39. d5 b5 40. Re8 a5 41. d6 a4 42. Bd1 f6 43. Bf3 Kf7 44. Rb8 Ne6 45. Be7 Bc4 46. Bc6 Ra7 47. Be8+ Kg7 48. a3 Nc5 49. Bc6 Nd7 50. Rc8 Ne5 51. Be4 Be6 52. Rb8 Bd7 53. Bd5 Bc6 54. Be6 Rb7 55. Rxb7 Bxb7 56. d7 1-0

[Event "Lithuania"]
[Site "Lithuania"]
[Date "1993.??.??"]
[Round "?"]
[White "Malisauskas, Vidmantas"]
[Black "Oll, Lembit"]
[Result "1/2-1/2"]
[WhiteElo "2570"]
[BlackElo "2585"]
[PlyCount "95"]
[EventDate "1993.??.??"]
[Source "www.chesslib.no"]
[SourceDate "2004.05.04"]

1. e4 e5 2. Nf3 Nf6 3. Nxe5 d6 4. Nf3 Nxe4 5. c4 Nc6 6. Nc3 Nxc3 7. bxc3 Be7 8. Be2 O-O 9. O-O Re8 10. Rb1 Bf6 11. Ne1 Qe7 12. Bf3 Ne5 13. Be2 Ng6 14. Bf3 Nh4 15. Nc2 Bf5 16. d3 c6 17. Nd4 Bg6 18. Bh5 Bxd4 19. cxd4 Nf5 20. d5 cxd5 21. Bf3 Nd4 22. Bxd5 Ne2+ 23. Kh1 Nc3 24. Rxb7 Qxb7 25. Bxb7 Nxd1 26. Bxa8 Nxf2+ 27. Kg1 Nxd3 28. Bd5 Re2 29. Ba3 Nc5 30. Bxc5 dxc5 31. Rf3 Rxa2 32. Rb3 Kf8 33. Rb5 a5 34. Rxc5 Ke7 35. Rc6 a4 36. Ra6 a3 37. h4 Bf5 38. Kh2 Be6 39. Bxe6 fxe6 40. Ra7+ Kf6 41. c5 e5 42. c6 e4 43. Kg3 Ke5 44. c7 Rc2 45. Ra5+ Kd6 46. Rxa3 Rxc7 47. Kf4 Kd5 48. Ra5+ 1/2-1/2

[Event "cup"]
[Site "Kislovodsk"]
[Date "1982.??.??"]
[Round "?"]
[White "Tseshkovsky, Vitaly V"]
[Black "Jussupow, Artur M"]
[Result "1-0"]
[WhiteElo "2575"]
[BlackElo "2555"]
[PlyCount "113"]
[EventDate "1982.??.??"]
[Source "www.chesslib.no"]
[SourceDate "2004.05.04"]

1. e4 e5 2. Nf3 Nf6 3. Nxe5 d6 4. Nf3 Nxe4 5. c4 Be7 6. Nc3 Bf5 7. Nd5 O-O 8. Be2 Re8 9. O-O Bf8 10. d3 Nc5 11. Bg5 Qc8 12. Be3 c6 13. Nc3 h6 14. b4 Nca6 15. a3 Nd7 16. d4 Nf6 17. Re1 Qd7 18. Qb3 g5 19. Rad1 Bg7 20. a4 Re7 21. b5 Nc7 22. a5 Ng4 23. Bc1 Rae8 24. h3 Nf6 25. bxc6 bxc6 26. Bf1 Ne4 27. Nxe4 Bxe4 28. Ne5 dxe5 29. Rxe4 exd4 30. Rxe7 Qxe7 31. Qb7 Qe5 32. Bd2 Ne6 33. Qxa7 Qe4 34. Qb7 Nc5 35. Qb1 Ra8 36. Qa2 Qf5 37. Bb4 Ne4 38. Bd3 c5 39. Be1 Qf4 40. g3 Qf3 41. Qc2 Nd6 42. Rb1 Bf6 43. Rb6 Re8 44. Bd2 Be5 45. Rb3 Qc6 46. Qd1 Qa4 47. Rb1 Qd7 48. Kg2 Kg7 49. Qf3 Qa4 50. Rc1 Re6 51. h4 Rf6 52. Qd5 Qa2 53. Rd1 Qb3 54. Be2 Rf5 55. g4 Nxc4 56. Bxc4 Qxd1 57. gxf5 1-0

[Event "Villa Martelli"]
[Site "Villa Martelli"]
[Date "1997.06.04"]
[Round "4"]
[White "Spangenberg, Hugo"]
[Black "Sorokin, Maxim"]
[Result "1/2-1/2"]
[WhiteElo "2550"]
[BlackElo "2560"]
[PlyCount "28"]
[EventDate "1997.06.01"]
[Source "ChessBase"]
[SourceDate "1997.10.13"]

1. e4 e5 2. Nf3 Nf6 3. Nxe5 d6 4. Nf3 Nxe4 5. c4 Nc6 6. Nc3 Nxc3 7. dxc3 Be7 8. Bf4 O-O 9. Bd3 Bf6 10. O-O Ne5 11. Bxe5 dxe5 12. Re1 Bg4 13. h3 Bxf3 14. Qxf3 c6 1/2-1/2

[Event "Essent op"]
[Site "Hoogeveen"]
[Date "2002.10.14"]
[Round "4"]
[White "Dvoirys, Semen I"]
[Black "Bezgodov, Alexei"]
[Result "1-0"]
[WhiteElo "2567"]
[BlackElo "2536"]
[PlyCount "79"]
[EventDate "2002.10.11"]
[Source "ChessBase"]
[SourceDate "2002.11.06"]

1. e4 e5 2. Nf3 Nf6 3. Nxe5 d6 4. Nf3 Nxe4 5. c4 Be6 6. Qb3 Na6 7. d4 d5 8. c5 Naxc5 9. dxc5 Bxc5 10. Be3 d4 11. Qa4+ Bd7 12. Qc2 O-O 13. Nxd4 Bxd4 14. Bxd4 Bg4 15. Be3 Re8 16. Nc3 Nxc3 17. Qxc3 Qd5 18. Qc4 Qa5+ 19. Qc3 Qd5 20. h3 Bh5 21. Rg1 Rad8 22. g4 Bg6 23. Be2 Qd6 24. Rg3 Qd5 25. Bf3 Be4 26. Rd1 Qe6 27. Rxd8 Rxd8 28. Bxe4 Qxe4 29. Ke2 Qa4 30. Qb3 Qa6+ 31. Ke1 Qc6 32. Kf1 a5 33. a4 Qe4 34. Ke2 c5 35. Rg1 c4 36. Rd1 Rf8 37. Qb5 h6 38. Qf5 Qc6 39. Qxa5 Qg2 40. Rd8 1-0

[Event "Essent op"]
[Site "Hoogeveen"]
[Date "2002.10.16"]
[Round "6"]
[White "Dvoirys, Semen I"]
[Black "Hort, Vlastimil"]
[Result "1/2-1/2"]
[WhiteElo "2567"]
[BlackElo "2531"]
[PlyCount "49"]
[EventDate "2002.10.11"]
[Source "ChessBase"]
[SourceDate "2002.11.06"]

1. e4 e5 2. Nf3 Nf6 3. Nxe5 d6 4. Nf3 Nxe4 5. c4 g6 6. d4 Bg7 7. Bd3 Nf6 8. O-O O-O 9. Nc3 Re8 10. h3 Nc6 11. Be3 Ne7 12. Qb3 a6 13. Rfe1 Bd7 14. a4 Nf5 15. Bg5 Rb8 16. Nd5 c6 17. Rxe8+ Bxe8 18. Nxf6+ Bxf6 19. Bxf6 Qxf6 20. Qb6 Bd7 21. Re1 Qd8 22. a5 Be6 23. Bxf5 Bxf5 24. Qxd8+ Rxd8 25. Re7 1/2-1/2

[Event "Groningen op"]
[Site "Groningen"]
[Date "1995.??.??"]
[Round "?"]
[White "Socko, Bartosz"]
[Black "Rozentalis, Eduardas"]
[Result "0-1"]
[WhiteElo "2485"]
[BlackElo "2610"]
[PlyCount "112"]
[EventDate "1995.12.??"]
[Source "ChessBase"]

1. e4 e5 2. Nf3 Nf6 3. Nxe5 d6 4. Nf3 Nxe4 5. c4 Be7 6. d4 O-O 7. Bd3 Ng5 8. Be3 Bg4 9. Nbd2 Nc6 10. a3 Bf6 11. Be2 Nxf3+ 12. Nxf3 d5 13. h3 Bxf3 14. Bxf3 dxc4 15. Bxc6 bxc6 16. Qc2 Bxd4 17. Rd1 c5 18. O-O Qd5 19. Bxd4 cxd4 20. Rc1 c3 21. bxc3 d3 22. c4 Qf5 23. Qd2 Rfe8 24. Rcd1 Rad8 25. Rfe1 h5 26. Re3 Rxe3 27. Qxe3 c5 28. h4 g6 29. g3 Rd4 30. Rd2 Kg7 31. Kg2 a5 32. Kh2 a4 33. Kg2 Rxc4 34. Rxd3 Re4 35. Qd2 Qf6 36. Rd6 Rd4 37. Rxf6 Rxd2 38. Ra6 Rd4 39. Ra5 Rc4 40. Ra6 f5 41. Ra7+ Kf6 42. Ra6+ Ke5 43. Rxg6 Re4 44. f4+ Kd4 45. Rd6+ Ke3 46. Rd5 c4 47. Rxf5 c3 48. Rxh5 Kd3 49. Rd5+ Rd4 50. Re5 c2 51. Re1 Kd2 52. Kf2 c1=Q 53. Rxc1 Kxc1 54. f5 Kb2 55. Ke3 Rd8 56. g4 Kxa3 0-1

[Event "European Team Ch"]
[Site "?"]
[Date "1992.??.??"]
[Round "6"]
[White "Kupreichik Viktor D"]
[Black "Skembris Spyridon"]
[Result "0-1"]
[WhiteElo "2555"]
[BlackElo "2530"]
[PlyCount "90"]
[EventDate "1992.??.??"]
[Source "www.chesslib.no"]
[SourceDate "2004.05.04"]

1. e4 e5 2. Nf3 Nf6 3. Nxe5 d6 4. Nf3 Nxe4 5. c4 Be7 6. d4 O-O 7. Bd3 Ng5 8. Nfd2 Nc6 9. Nb3 Nb4 10. f4 Bg4 11. Qd2 Nf3+ 12. gxf3 Bh4+ 13. Kf1 Bh3+ 14. Ke2 a5 15. Kd1 Qd7 16. a3 Nxd3 17. Qxd3 Bf5 18. Qc3 a4 19. N3d2 Rfe8 20. Nf1 Re1+ 21. Qxe1 Bxe1 22. Kxe1 Bxb1 23. Rxb1 Qf5 24. Ra1 Re8+ 25. Ne3 Qxf4 26. Kf2 Qxd4 27. Rd1 Qh4+ 28. Kg1 Re6 29. Ng2 Rg6 30. Be3 Qh3 31. Rd2 Qxf3 32. Re1 h5 33. Bd4 h4 34. h3 Qxh3 35. Re8+ Kh7 36. Re3 Qf5 37. Kh2 Rg3 38. Rxg3 hxg3+ 39. Kh1 Qf1+ 40. Bg1 Qf3 41. Bd4 c5 42. Be3 Qf1+ 43. Bg1 f5 44. Rxd6 Qxc4 45. Rb6 Qg4 0-1

[Event "Gawlikowski mem 18th"]
[Site "?"]
[Date "1999.??.??"]
[Round "?"]
[White "Socko Bartosz"]
[Black "Rozentalis Eduardas"]
[Result "1-0"]
[WhiteElo "2497"]
[BlackElo "2577"]
[PlyCount "78"]
[EventDate "1999.??.??"]
[Source "www.chesslib.no"]
[SourceDate "2004.05.04"]

1. e4 e5 2. Nf3 Nf6 3. Nxe5 d6 4. Nf3 Nxe4 5. c4 Be7 6. d4 O-O 7. Bd3 Ng5 8. Nxg5 Bxg5 9. O-O Bxc1 10. Qxc1 Qf6 11. Qc2 Nc6 12. d5 Nd4 13. Qc3 c5 14. dxc6 bxc6 15. Nd2 c5 16. Ne4 Qh6 17. Rae1 Bb7 18. b4 f5 19. Nd2 Qg5 20. f3 Rae8 21. Qc1 cxb4 22. Kh1 a5 23. c5 dxc5 24. Rxe8 Rxe8 25. Qxc5 Qe3 26. Bc4+ Kh8 27. Bb5 Nxb5 28. Qxb5 Ba8 29. Ne4 Rf8 30. Nd6 Qe6 31. Rd1 Qxa2 32. Nxf5 Qb3 33. Qd7 Rg8 34. Nh6 gxh6 35. Qd4+ Rg7 36. Qd8+ Qg8 37. Qf6 Bd5 38. Qe5 Qe6 39. Qa1 Qe2 1-0

[Event "Moscow Aeroflot op"]
[Site "Moscow"]
[Date "2002.02.09"]
[Round "8"]
[White "Dvoirys, Semen I"]
[Black "Prokopchuk, Evgeny"]
[Result "1-0"]
[WhiteElo "2563"]
[BlackElo "2508"]
[PlyCount "77"]
[EventDate "2002.02.04"]
[Source "ChessBase"]
[SourceDate "2002.03.21"]

1. e4 e5 2. Nf3 Nf6 3. Nxe5 d6 4. Nf3 Nxe4 5. c4 Be7 6. d4 Bg4 7. Be2 O-O 8. O-O c6 9. Qb3 Qd7 10. Qc2 f5 11. Nc3 Nxc3 12. bxc3 Na6 13. Rb1 c5 14. Bf4 Rae8 15. Rbd1 g5 16. Bc1 f4 17. dxc5 Nxc5 18. Ba3 Bf5 19. Qb2 b6 20. Nd4 g4 21. Nxf5 Qxf5 22. Rd5 Qg6 23. Bxc5 bxc5 24. Bd3 Qg7 25. Qc2 g3 26. Rh5 h6 27. Bg6 Rd8 28. hxg3 Bg5 29. gxf4 Rxf4 30. Be4 Qe5 31. Bd5+ Kg7 32. g3 Rg4 33. Qd1 Qf5 34. Qe2 Rf8 35. Kg2 Kg6 36. f4 Rxg3+ 37. Kxg3 Bxf4+ 38. Rxf4 Qxf4+ 39. Kg2 1-0

[Event "TCh-AUT"]
[Site "Graz"]
[Date "2004.11.21"]
[Round "3"]
[White "Kindermann, Stefan"]
[Black "Rabiega, Robert"]
[Result "1/2-1/2"]
[WhiteElo "2536"]
[BlackElo "2532"]
[PlyCount "39"]
[EventDate "2004.11.19"]
[Source "Roberto Alvarez"]
[SourceDate "2004.11.22"]

1. e4 e5 2. Nf3 Nf6 3. Nxe5 d6 4. Nf3 Nxe4 5. c4 Nc6 6. Nc3 Nxc3 7. dxc3 Be7 8. Bd3 Bg4 9. Be4 Bh5 10. Qb3 Rb8 11. Be3 O-O 12. Qc2 Bg6 13. Bxg6 fxg6 14. O-O-O Qc8 15. Qe4 Bf6 16. h4 Qf5 17. Qd5+ Qxd5 18. cxd5 Ne5 19. Nxe5 Bxe5 20. Kc2 1/2-1/2

[Event "Bled op 23rd"]
[Site "Bled"]
[Date "2002.07.06"]
[Round "5"]
[White "Kovacevic, Aleksandar"]
[Black "Jaracz, Pawel"]
[Result "1/2-1/2"]
[WhiteElo "2547"]
[BlackElo "2516"]
[PlyCount "45"]
[EventDate "2002.07.02"]
[Source "ChessBase"]
[SourceDate "2002.09.11"]

1. e4 e5 2. Nf3 Nf6 3. Nxe5 d6 4. Nf3 Nxe4 5. c4 c6 6. Be2 d5 7. Nc3 Nf6 8. d4 Be7 9. O-O O-O 10. Bf4 dxc4 11. Bxc4 Nbd7 12. Ne5 Nb6 13. Bb3 Nbd5 14. Bg5 Be6 15. Re1 Re8 16. Qf3 Nc7 17. Bxf6 Bxf6 18. Ne4 Bd5 19. Qg3 Be7 20. Rad1 Ne6 21. Bxd5 cxd5 22. Nc3 Bb4 23. a3 1/2-1/2

[Event "Frunze"]
[Site "Frunze"]
[Date "1985.??.??"]
[Round "1"]
[White "Kupreichik, Viktor D"]
[Black "Agzamov, Georgy"]
[Result "1/2-1/2"]
[WhiteElo "2490"]
[BlackElo "2560"]
[PlyCount "102"]
[EventDate "1985.11.??"]
[Source "ChessBase"]

1. e4 e5 2. Nf3 Nf6 3. Nxe5 d6 4. Nf3 Nxe4 5. c4 Be7 6. d4 d5 7. Nc3 Nxc3 8. bxc3 O-O 9. cxd5 Qxd5 10. Be2 Bf5 11. O-O Nd7 12. Nd2 Nb6 13. a4 Qd7 14. Bf3 c6 15. a5 Nd5 16. Qb3 Rfe8 17. Nc4 Bf6 18. Ba3 Re6 19. Rfd1 Rae8 20. Bc5 a6 21. Qa3 Bc2 22. Rdc1 Bg5 23. Ne5 Rxe5 24. dxe5 Bxc1 25. Qxc1 Qf5 26. Bd4 Be4 27. Bxe4 Qxe4 28. Qb1 Qxb1+ 29. Rxb1 Re7 30. g3 Rd7 31. Kg2 h5 32. h3 Kh7 33. Re1 Nc7 34. Kf3 Rd5 35. Bb6 Ne6 36. c4 Rd3+ 37. Re3 Rd2 38. Re2 Ng5+ 39. Ke3 Rxe2+ 40. Kxe2 Nxh3 41. f4 Kg6 42. Kf3 Kf5 43. c5 g5 44. Kg2 g4 45. Bd8 Ke4 46. Be7 Kf5 47. Bd8 Ke4 48. Be7 Kd5 49. Bh4 Kd4 50. Be7 Ke4 51. Bd8 Kf5 1/2-1/2

[Event "Winnipeg"]
[Site "?"]
[Date "1986.??.??"]
[Round "?"]
[White "Kupreichik, V."]
[Black "Olafsson, H."]
[Result "1-0"]
[WhiteElo "2490"]
[BlackElo "2560"]
[PlyCount "69"]
[EventDate "1986.??.??"]
[Source "ChessBase"]
[SourceDate "1986.07.01"]

1. e4 e5 2. Nf3 Nf6 3. Nxe5 d6 4. Nf3 Nxe4 5. c4 Be7 6. d4 O-O 7. Bd3 Nf6 8. Nc3 Bg4 9. h3 Bh5 10. Be3 Nbd7 11. g4 Bg6 12. Bxg6 hxg6 13. Qe2 c6 14. O-O-O d5 15. cxd5 cxd5 16. g5 Ne4 17. Nxd5 Nb6 18. Nxe7+ Qxe7 19. Kb1 Nd5 20. Rc1 Nxf2 21. Qxf2 Qe4+ 22. Ka1 Nxe3 23. Rc3 Nd5 24. Rc5 Rad8 25. a3 b6 26. Rcc1 Qf4 27. Rhf1 Rc8 28. Rce1 Rc4 29. Qe2 Rfc8 30. Nd2 Qxd4 31. Nxc4 Rxc4 32. Rxf7 Ne3 33. Rxa7 Rc2 34. Qb5 Kh7 35. Qb3 1-0

[Event "Dieren op"]
[Site "Dieren"]
[Date "2000.07.22"]
[Round "5"]
[White "Dvoirys, Semen I"]
[Black "Meijers, Viesturs"]
[Result "1/2-1/2"]
[WhiteElo "2562"]
[BlackElo "2478"]
[PlyCount "66"]
[EventDate "2000.07.18"]
[Source "ChessBase"]
[SourceDate "2000.09.14"]

1. e4 e5 2. Nf3 Nf6 3. Nxe5 d6 4. Nf3 Nxe4 5. c4 c6 6. Nc3 Nxc3 7. dxc3 Be7 8. Bf4 O-O 9. Qc2 Nd7 10. Bd3 g6 11. O-O Ne5 12. Rfe1 Re8 13. Re3 Bg4 14. h3 Nxd3 15. Qxd3 Bxf3 16. Rxf3 Bf8 17. Qd2 Re6 18. Rd3 Qf6 19. Be3 Rae8 20. Rd4 c5 21. Rd5 Re4 22. Qd3 Qh4 23. b3 Rxe3 24. fxe3 Bh6 25. Qf1 Rxe3 26. Rxd6 Rg3 27. Kh1 Qe4 28. Rd8+ Kg7 29. Kh2 Bf4 30. Kg1 Be3+ 31. Kh2 Bf4 32. Kg1 Be3+ 33. Kh2 Bf4 1/2-1/2

[Event "HUN-chT 0102"]
[Site "?"]
[Date "2002.02.10"]
[Round "7"]
[White "Vajda Levente"]
[Black "Horvath Csaba"]
[Result "1-0"]
[WhiteElo "2500"]
[BlackElo "2538"]
[PlyCount "117"]
[EventDate "2002.??.??"]
[Source "www.chesslib.no"]
[SourceDate "2004.05.04"]

1. e4 e5 2. Nf3 Nf6 3. Nxe5 d6 4. Nf3 Nxe4 5. c4 Nc6 6. Nc3 Nxc3 7. dxc3 Be7 8. Be3 Bf5 9. Qd2 Bf6 10. O-O-O O-O 11. Rg1 Qd7 12. h3 Rfe8 13. g4 Be4 14. Ne1 Na5 15. b3 Qc6 16. Nc2 Qd7 17. g5 Be7 18. Rg3 a6 19. h4 b5 20. c5 Rad8 21. h5 Bf5 22. Qe2 Qc8 23. g6 dxc5 24. gxf7+ Kxf7 25. Rxd8 Bxd8 26. Qf3 Bf6 27. Bxc5 Be4 28. Qf4 Qf5 29. Qxc7+ Kg8 30. Bd4 Bxc2 31. Rxg7+ Kh8 32. Re7 Rf8 33. Re5 Qc8 34. Qxc8 Rxc8 35. Bh3 Rf8 36. Kxc2 Nc6 37. Rf5 Nxd4+ 38. cxd4 Kg7 39. Rd5 Re8 40. Rd7+ Re7 41. Kc3 Rxd7 42. Bxd7 Be7 43. b4 Bd8 44. Bc8 a5 45. Bd7 Kh6 46. Bxb5 Kxh5 47. Bc6 Kg5 48. bxa5 Bxa5+ 49. Kc4 Be1 50. a4 h5 51. Bh1 Kf6 52. Kc5 h4 53. f3 h3 54. Kc6 Bd2 55. d5 Ke7 56. f4 Bxf4 57. a5 Kd8 58. a6 Be3 59. Kb7 1-0

[Event "Ciocaltea mem"]
[Site "Bucharest"]
[Date "2001.03.06"]
[Round "3"]
[White "Vajda, Levente"]
[Black "Iordachescu, Viorel"]
[Result "1-0"]
[WhiteElo "2454"]
[BlackElo "2578"]
[PlyCount "101"]
[EventDate "2001.03.04"]
[Source "ChessBase"]
[SourceDate "2001.05.17"]

1. e4 e5 2. Nf3 Nf6 3. Nxe5 d6 4. Nf3 Nxe4 5. c4 Be7 6. Nc3 Ng5 7. d4 O-O 8. Be2 Nc6 9. O-O Re8 10. Be3 Bf5 11. Nd5 Nxf3+ 12. Bxf3 Bf6 13. Re1 Be4 14. Bxe4 Rxe4 15. Qf3 Re6 16. Red1 Qd7 17. Qh3 Bd8 18. b4 Qe8 19. Qf3 a6 20. a4 h6 21. h4 Rc8 22. g3 Nb8 23. Re1 Nd7 24. Bd2 Nf6 25. Rxe6 Qxe6 26. Re1 Qd7 27. Nxf6+ Bxf6 28. Qxb7 Bxd4 29. Re4 Be5 30. Qxa6 Rf8 31. Re1 Bd4 32. Qb5 c6 33. Qh5 Qa7 34. Kg2 Bxf2 35. Re2 Bd4 36. a5 Be5 37. Qf3 Qa6 38. Qd3 Rb8 39. Re1 Qb7 40. c5 f6 41. a6 Qf7 42. cxd6 Rd8 43. Be3 Rxd6 44. Qe2 Rd8 45. a7 Qb3 46. Rd1 Ra8 47. Rd7 c5 48. bxc5 Qa4 49. c6 Qxc6+ 50. Qf3 Qc8 51. Bb6 1-0

[Event "Capablanca mem"]
[Site "Cienfuegos"]
[Date "1991.??.??"]
[Round "4"]
[White "Hernandez, Gilberto"]
[Black "Rodriguez Cespedes, Amador"]
[Result "1/2-1/2"]
[WhiteElo "2525"]
[BlackElo "2500"]
[PlyCount "38"]
[EventDate "1991.??.??"]
[Source "ChessBase"]

1. e4 e5 2. Nf3 Nf6 3. Nxe5 d6 4. Nf3 Nxe4 5. c4 Nc6 6. Nc3 Nxc3 7. bxc3 Be7 8. d4 Bf5 9. Be2 O-O 10. d5 Ne5 11. Nd4 Bd7 12. f4 Ng6 13. O-O Bf6 14. Qc2 Re8 15. Rb1 Rb8 16. Bd3 c6 17. Be4 Qc7 18. Qd3 a6 19. dxc6 bxc6 1/2-1/2

[Event "URS-sf"]
[Site "Daugavpils"]
[Date "1989.??.??"]
[Round "?"]
[White "Kupreichik, Viktor D"]
[Black "Rozentalis, Eduardas"]
[Result "0-1"]
[WhiteElo "2520"]
[BlackElo "2505"]
[PlyCount "92"]
[EventDate "1989.11.??"]
[Source "ChessBase"]

1. e4 e5 2. Nf3 Nf6 3. Nxe5 d6 4. Nf3 Nxe4 5. c4 Be7 6. d4 O-O 7. Bd3 Ng5 8. Nxg5 Bxg5 9. Qh5 Re8+ 10. Kd1 h6 11. Bxg5 Qxg5 12. Qxg5 hxg5 13. Nc3 Bd7 14. Kd2 Nc6 15. Nd5 Rac8 16. Kc3 Ne7 17. Ne3 a6 18. h4 g4 19. b4 c5 20. dxc5 dxc5 21. b5 axb5 22. cxb5 c4 23. Be4 Bxb5 24. Bxb7 Rb8 25. Be4 g3 26. f3 g6 27. Rab1 f5 28. Bc2 f4 29. Ng4 Nd5+ 30. Kd4 Red8 31. Ke5 Nc3 32. Rbe1 Rd2 33. Bxg6 Rxg2 34. Kxf4 Ne2+ 35. Kg5 c3 36. h5 Rc8 37. h6 Rc5+ 38. Bf5 c2 39. h7+ Kh8 40. Nh6 Be8 41. Rh4 c1=Q+ 42. Rxc1 Nxc1 43. Rg4 Rh2 44. Kf4 Ne2+ 45. Ke3 Rxf5 46. Nxf5 g2 0-1

[Event "Budapest FS06 GM"]
[Site "Budapest"]
[Date "2002.06.10"]
[Round "10"]
[White "Vajda, Levente"]
[Black "Koneru, Humpy"]
[Result "1/2-1/2"]
[WhiteElo "2535"]
[BlackElo "2486"]
[PlyCount "112"]
[EventDate "2002.06.01"]
[Source "ChessBase"]
[SourceDate "2002.07.08"]

1. e4 e5 2. Nf3 Nf6 3. Nxe5 d6 4. Nf3 Nxe4 5. c4 Be7 6. Nc3 Nxc3 7. dxc3 Nc6 8. Be3 Be6 9. Nd4 Nxd4 10. Bxd4 Bf6 11. Be2 O-O 12. O-O Re8 13. Re1 Bd7 14. Qd2 Bc6 15. b4 b6 16. Bg4 Rxe1+ 17. Rxe1 Bxd4 18. cxd4 Qh4 19. h3 Kf8 20. d5 Bb7 21. c5 Bc8 22. cxd6 cxd6 23. Qf4 Qf6 24. Qe4 Bxg4 25. hxg4 g6 26. Qe3 Rc8 27. g5 Qc3 28. Qe7+ Kg8 29. Re4 Qa1+ 30. Kh2 Qxa2 31. Qxd6 Qxf2 32. Rf4 Qc2 33. Qf6 Qc7 34. d6 Qb7 35. Rf2 Re8 36. Rc2 Qe4 37. Rc3 Qh4+ 38. Rh3 Qc4 39. Rf3 Qh4+ 40. Kg1 Re1+ 41. Rf1 Rxf1+ 42. Kxf1 Qc4+ 43. Kg1 Qc1+ 44. Kh2 a5 45. bxa5 bxa5 46. Qe7 Qf4+ 47. Kh3 h5 48. gxh6 g5 49. g3 Qf5+ 50. Kg2 g4 51. Qe8+ Kh7 52. Qc6 Qd3 53. d7 Qe2+ 54. Kg1 Qe1+ 55. Kh2 Qd2+ 56. Kg1 Qe1+ 1/2-1/2

[Event "Open"]
[Site "Cappelle la Grande"]
[Date "2003.02.26"]
[Round "6"]
[White "Gajewski, Grzegorz"]
[Black "Rozentalis, Eduardas"]
[Result "1/2-1/2"]
[WhiteElo "2436"]
[BlackElo "2585"]
[PlyCount "40"]
[EventDate "2003.02.22"]
[Source "Roberto Alvarez"]
[SourceDate "2003.03.03"]

1. e4 e5 2. Nf3 Nf6 3. Nxe5 d6 4. Nf3 Nxe4 5. c4 Be7 6. d4 O-O 7. Bd3 Ng5 8. Nxg5 Bxg5 9. Qh5 h6 10. Bxg5 Qxg5 11. Qxg5 hxg5 12. Nc3 Nc6 13. Nb5 Nb4 14. Kd2 Nxd3 15. Kxd3 Bf5+ 16. Kd2 Rfc8 17. Nc3 a6 18. Rae1 f6 19. Ra1 c6 20. Rae1 b5 1/2-1/2

[Event "Santa Clara CUB"]
[Site "Santa Clara CUB"]
[Date "1994.??.??"]
[Round "10"]
[White "Spangenberg, Hugo H"]
[Black "Lima, Darcy"]
[Result "1-0"]
[WhiteElo "2510"]
[BlackElo "2500"]
[PlyCount "49"]
[EventDate "1994.??.??"]
[Source "www.chesslib.no"]
[SourceDate "2004.05.04"]

1. e4 e5 2. Nf3 Nf6 3. Nxe5 d6 4. Nf3 Nxe4 5. c4 Be7 6. d4 O-O 7. Bd3 Ng5 8. Nxg5 Bxg5 9. O-O Bxc1 10. Qxc1 Qh4 11. Rd1 Nc6 12. Qc3 f5 13. Be2 Re8 14. Bf1 f4 15. Na3 a6 16. c5 d5 17. Qb3 Qh5 18. Nc2 Re6 19. Re1 Rh6 20. h3 f3 21. Ne3 Nxd4 22. Qxd5+ Qxd5 23. Nxd5 Nc2 24. Nxc7 Nxe1 25. Rxe1 1-0

[Event "Kecskemet"]
[Site "Kecskemet"]
[Date "1992.??.??"]
[Round "8"]
[White "Tolnai, Tibor"]
[Black "Haba, Petr"]
[Result "0-1"]
[WhiteElo "2490"]
[BlackElo "2515"]
[PlyCount "96"]
[EventDate "1992.04.??"]
[Source "ChessBase"]

1. e4 e5 2. Nf3 Nf6 3. Nxe5 d6 4. Nf3 Nxe4 5. c4 Nc6 6. d4 d5 7. Nc3 Bb4 8. Qc2 Qe7 9. Be3 Bf5 10. Qc1 Nxc3 11. bxc3 Ba3 12. Qd2 Nb4 13. Rd1 Nc2+ 14. Ke2 dxc4 15. Ne1 Nxe3 16. fxe3 O-O 17. Kf2 b5 18. Nf3 a5 19. g3 Be4 20. Bg2 Rfe8 21. Rhf1 Ra6 22. Kg1 Re6 23. Nh4 Bd3 24. Nf5 Qg5 25. h4 Qg6 26. Qf2 b4 27. cxb4 axb4 28. d5 Re5 29. e4 Bxf1 30. Rxf1 b3 31. axb3 cxb3 32. Kh2 b2 33. Qc2 Qb6 34. Rb1 Rb8 35. Qd2 Bf8 36. Qg5 Rxf5 37. Qxf5 Qg6 38. Qf4 Bd6 39. Qf3 Qf6 40. Qg4 g6 41. h5 Rb3 42. h6 Bxg3+ 43. Kh1 Qh4+ 44. Qxh4 Bxh4 45. e5 Kf8 46. d6 cxd6 47. exd6 Bg5 48. Bd5 Rb8 0-1